00741nam a2200205 a 45000010005000000030009000050080041000140200015000550400028000700820017000981000029001152450126001442600082002706500041003526500023003936500023004166500024004396500038004636500034005019651CO-ViMGA141112s2004 ck r 000 u spa d a9977962065 aCO-ViMGAbspacCO-ViMGA04a341.481 S9781 aSwinarski ; Christophe, 10aPrincipales Nociones e Institutos del Derecho Internacional Humanitario como sistema de protección de la persona Humana aSan Jose, cCosta Rica : Intituto InterAméricano de Derechos Humano, c199114aCOMITE INTERNACIONAL DE LA CRUZ ROJA14aDERECHO DE GINEGRA14aDERECHO DE LA HAYA14aDERECHO DEL DESARME14aDERECHO INTERNACIONAL HUMANITARIO14aDERECHO INTERNACIONAL PUBLICO